[Event "Match"]
[Site "www.echecsemail.com"]
[Date "2016.08.10"]
[Round "1"]
[White "Umutkrc"]
[Black "Jhzes"]
[WhiteElo "1870"]
[BlackElo "1970"]
[Result "0-1"]
[Round "1"]
1.Nb1a3 d5
2.h3 e5
3.e3 c6
4.c4 Bf8xa3
5.bxa3 d4
6.Bc1b2 dxe3
7.dxe3 Nb8d7
8.Ng1f3 f6
9.Bf1e2 Qd8b6
10.Bb2c3 Ng8e7
11.O-O c5
12.Ra1b1 Qb6c6
13.Nf3h4 b6
14.Be2f3 e4
15.Bf3g4 Bc8a6
16.Qd1b3 h5
17.Bg4f5 Ne7xf5
18.Nh4xf5 g6
19.Nf5g3 O-O-O
20.a4 Qc6e6
21.Qb3c2 Ba6xc4
22.Rf1d1 Bc4d3
23.Qc2b3 Qe6xb3
24.axb3 Bd3xb1
25.Rd1xb1 Rd8e8
26.b4 cxb4
27.Rb1xb4 Rh8f8
28.Ng3xe4 Re8e6
29.Rb4c4 Kb7
30.a5 Re6c6
31.Rc4d4 Kc7
32.axb6 axb6
33.Rd4a4 Kb7
34.Bc3b4 Rc6c1
35.Kh2 Rf8d8
36.Ne4d6 Kc6
37.Bb4d2 Rc1d1
38.Nd6e4 f5
39.Ra4c4 Nd7c5
40.Ne4xc5 bxc5
41.Rc4a4 Rd1xd2
42.Kg3 g5
43.Ra4a6 Kb5
44.Ra6g6 f4
45.exf4 gxf4
46.Kf3 Rd8d3
47.Kxf4 Rd2xf2
48.Ke4 Rd3d4
49.Ke3 Rf2d2
50.Kf3 c4
51.Rg6g5 Rd4d5
{ resign }
0-1

[Event "Match"]
[Site "www.echecsemail.com"]
[Date "2016.08.10"]
[Round "1"]
[White "Gilliere"]
[Black "Whitekknight"]
[WhiteElo "2050"]
[BlackElo "1920"]
[Result "1/2-1/2"]
[Round "1"]
1.e4 e5
2.Ng1f3 d6
3.d4 exd4
4.Nf3xd4 Ng8f6
5.Nb1c3 Bc8d7
6.h3 Nb8c6
7.Nd4xc6 Bd7xc6
8.Bc1g5 Bf8e7
9.Bg5xf6 Be7xf6
10.Bf1d3 Bf6xc3
11.bxc3 O-O
12.c4 Rf8e8
13.O-O Qd8f6
14.Qd1e1 Ra8d8
15.Qe1e3 Re8e6
16.Qe3xa7 Qf6e7
17.Qa7a5 b6
18.Qa5d2 Bc6xe4
19.f3 Be4g6
20.Rf1e1 Qe7f6
21.Qd2c1 Rd8e8
22.Re1xe6 Qf6xe6
23.a4 Bg6xd3
24.cxd3 Qe6e3
25.Kh2 Qe3xd3
26.a5 bxa5
27.Ra1xa5 Qd3d4
28.Ra5d5 Qd4b6
29.Rd5b5 Qb6a7
30.Qc1b1 c5
31.Rb5b7 Qa7a4
32.Rb7b8 g6
33.Rb8xe8 Qa4xe8
34.Qb1d3 Qe8e5
35.Kg1 f5
36.Qd3c2 Kf7
37.Kf2 f4
38.Qc2c1 Kf6
39.Qc1d2 g5
40.Qd2c2 Qe5f5
41.Qc2d2 Qf5e5
42.Qd2c2 Qe5f5
43.Qc2d2 { draw }
1/2-1/2

[Event "Match"]
[Site "www.echecsemail.com"]
[Date "2016.08.10"]
[Round "1"]
[White "Drawlward"]
[Black "Geodad5"]
[WhiteElo "2009"]
[BlackElo "2130"]
[Result "1-0"]
[Round "1"]
1.e4 e5
2.Nb1c3 Ng8f6
3.Bf1c4 Bf8e7
4.f4 d6
5.d3 Bc8g4
6.Ng1f3 O-O
7.h3 Bg4xf3
8.Qd1xf3 Nb8d7
9.O-O c6
10.a3 Qd8c7
11.Bc4a2 Ra8d8
12.g4 Nd7b6
13.g5 Nf6d7
14.f5 Kh8
15.h4 Rd8e8
16.h5 Be7d8
17.Rf1f2 f6
18.h6 fxg5
19.hxg7 Kxg7
20.Rf2h2 Rf8h8
21.Qf3h5 Re8g8
22.Qh5f7 { resign }
1-0

[Event "Match"]
[Site "www.echecsemail.com"]
[Date "2016.08.10"]
[Round "1"]
[White "Libiesse"]
[Black "Drawlward"]
[WhiteElo "1990"]
[BlackElo "1809"]
[Result "0-1"]
[Round "1"]
1.d4 Ng8f6
2.c4 g6
3.Nb1c3 d5
4.cxd5 Nf6xd5
5.e4 Nd5xc3
6.bxc3 Bf8g7
7.Bc1e3 c5
8.Bf1c4 O-O
9.Ng1e2 Nb8c6
10.O-O Bc8g4
11.f3 Nc6a5
12.Bc4b3 cxd4
13.cxd4 Bg4d7
14.Bb3c2 Ra8c8
15.Bc2d3 Na5c4
16.Be3f2 Nc4b2
17.Qd1b1 Nb2xd3
18.Qb1xd3 a6
19.Rf1c1 Qd8a5
20.Bf2e1 Rc8xc1
21.Ne2xc1 Qa5xe1
{ resign }
0-1

[Event "Match"]
[Site "www.echecsemail.com"]
[Date "2016.08.10"]
[Round "1"]
[White "Bojan"]
[Black "Ssharp"]
[WhiteElo "1940"]
[BlackElo "2220"]
[Result "0-1"]
[Round "1"]
1.c4 e6
2.a3 Ng8f6
3.h3 c5
4.d4 cxd4
5.Qd1xd4 Nb8c6
6.Qd4d3 Bf8e7
7.b4 O-O
8.Bc1b2 Qd8b6
9.Nb1d2 d6
10.Nd2e4 Nf6xe4
11.Qd3xe4 e5
12.e3 Bc8e6
13.Qe4c2 Ra8c8
14.Ra1c1 f5
15.g3 a5
16.b5 Nc6b8
17.a4 Nb8d7
18.Qc2d2 Nd7c5
19.Qd2c2 Qb6d8
20.Ng1f3 b6
21.Bf1e2 Qd8e8
22.Nf3h2 Qe8f7
23.f4 Nc5e4
24.Rh1g1 d5
25.Bb2xe5 dxc4
26.Be5d4 Be7b4
27.Kf1 Qf7b7
28.g4 Rf8f7
29.Nh2f3 h6
30.Nf3e5 Ne4d2
31.Kf2 Nd2e4
32.Kf1 Ne4d2
33.Kf2 Nd2e4
34.Kg2 fxg4
35.hxg4 Rf7c7
36.Be2f3 Be6d5
37.Kh2 Ne4d2
38.Bf3xd5 Qb7xd5
39.Rg1g3 Nd2b3
40.Bd4xb6 Rc7b7
41.Rc1d1 Qd5e6
42.Rd1d8 Rc8xd8
43.Bb6xd8 Nb3d2
44.Kg1 Qe6d5
45.Ne5c6 Nd2f3
46.Kf1 Rb7d7
47.Bd8xa5 Bb4xa5
48.Nc6xa5 Qd5d3
49.Qc2e2 Qd3b1
50.Kf2 Rd7d2
51.Rg3xf3 Rd2xe2
52.Kxe2 Qb1d3
53.Kf2 Qd3d2
54.Kf1 Qd2xa5
55.f5 Qa5xa4
56.Rf3f4 Qa4xb5
57.Ke1 c3
{ resign }
0-1

[Event "Tourn. n8856"]
[Site "www.chess-mail.com"]
[Date "2016.08.11"]
[Round "1"]
[White "Asoka"]
[Black "Liencam2"]
[WhiteElo "2700"]
[BlackElo "2320"]
[Result "1-0"]
[Round "1"]
1.c4 e5
2.Nb1c3 d6
3.e3 g6
4.d4 Bf8g7
5.Ng1f3 Nb8d7
6.Bf1e2 Ng8f6
7.O-O O-O
8.b3 Rf8e8
9.Bc1b2 e4
10.Nf3d2 Nd7f8
11.b4 h5
12.a4 Nf8h7
13.Rf1e1 h4
14.h3 Nh7g5
15.Be2f1 Bc8f5
16.b5 Qd8d7
17.Nc3d5 c6
18.Nd5f4 d5
19.Nd2b3 Ng5e6
20.Nf4xe6 fxe6
21.Bb2a3 Ra8c8
22.bxc6 Qd7xc6
23.cxd5 Qc6xd5
24.Bf1b5 Re8d8
25.Ba3e7 a6
26.Be7xd8 Rc8xd8
27.Bb5e2 Bg7f8
28.Qd1c2 Bf8d6
29.Ra1b1 Bd6b8
30.Nb3d2 Qd5d6
31.Nd2f1 Nf6h7
32.Rb1xb7 Nh7g5
33.Qc2c5 Qd6xc5
34.dxc5 { resign }
1-0

[Event "Tourn. n8778"]
[Site "www.chess-mail.com"]
[Date "2016.08.11"]
[Round "1"]
[White "Claudia"]
[Black "Jhzes"]
[WhiteElo "1810"]
[BlackElo "1809"]
[Result "1-0"]
[Round "1"]
1.d4 d5
2.c4 c6
3.Nb1c3 dxc4
4.a4 Bc8f5
5.Ng1f3 e6
6.e4 Bf5g4
7.Bf1xc4 Bg4xf3
8.gxf3 Qd8c7
9.Bc1g5 Bf8e7
10.Qd1d2 Be7xg5
11.Qd2xg5 g6
12.h4 Nb8d7
13.h5 h6
14.Qg5g2 g5
15.e5 Qc7b6
16.O-O-O f5
17.Bc4xe6 O-O-O
18.Be6xf5 Ng8e7
19.Bf5g4 Kb8
20.Bg4xd7 Rd8xd7
21.Qg2g4 Rh8d8
22.Qg4e6 Ne7d5
23.Nc3xd5 Rd7xd5
24.Qe6xh6 Rd5xd4
25.Rd1xd4 Qb6c5
26.Kb1 Qc5xd4
27.Qh6xg5 Rd8d5
28.h6 Qd4d3
29.Ka1 Rd5a5
30.Rh1h4 Qd3d1
31.Ka2 b5
32.h7 Ra5xa4
33.Rh4xa4 Qd1xa4
34.Kb1 Qa4d1
35.Qg5c1 Qd1d3
36.Qc1c2 Qd3f1
37.Ka2 Qf1h3
38.Qc2g6 Kb7
39.Qg6e4 Qh3e6
40.Ka1 Qe6h6
41.e6 Qh6c1
42.Ka2 { resign }
1-0

[Event "Tourn. n8909"]
[Site "www.chess-mail.com"]
[Date "2016.08.11"]
[Round "1"]
[White "Sachpat"]
[Black "Frisker"]
[WhiteElo "2310"]
[BlackElo "2280"]
[Result "1-0"]
[Round "1"]
1.e4 e6
2.d4 d5
3.exd5 Qd8xd5
4.Ng1f3 Ng8f6
5.Bf1e2 Nb8d7
6.O-O c5
7.Nb1c3 Qd5d6
8.Nc3b5 Qd6b6
9.Bc1f4 Nf6d5
10.Bf4g3 a6
11.c4 axb5
12.cxd5 Nd7f6
13.a4 Bf8e7
14.Be2xb5 Kf8
15.dxc5 Be7xc5
16.d6 Bc8d7
17.b4 Bc5xb4
18.Ra1b1 Qb6a5
19.Bb5xd7 Nf6xd7
20.Qd1b3 Bb4c3
21.Rf1c1 { resign }
1-0

[Event "Tourn. n8854"]
[Site "www.chess-mail.com"]
[Date "2016.08.11"]
[Round "1"]
[White "Comrade"]
[Black "Pwain"]
[WhiteElo "2150"]
[BlackElo "2220"]
[Result "0-1"]
[Round "1"]
1.c4 c5
2.Nb1c3 Nb8c6
3.g3 Ng8f6
4.Bf1g2 e6
5.Ng1f3 d5
6.cxd5 exd5
7.d4 Bc8e6
8.O-O h6
9.Bc1f4 Ra8c8
10.Rf1e1 Bf8e7
11.Ra1c1 O-O
12.a3 c4
13.Nf3e5 a6
14.h3 g5
15.Bf4e3 Kg7
 { time }
0-1

[Event "Tourn. n8905"]
[Site "www.chess-mail.com"]
[Date "2016.08.11"]
[Round "1"]
[White "Bojan"]
[Black "Mitja"]
[WhiteElo "1930"]
[BlackElo "1910"]
[Result "0-1"]
[Round "1"]
1.e4 d5
2.e5 e6
3.g3 a6
4.d4 h6
5.f4 Nb8c6
6.Ng1f3 Ng8e7
7.c4 dxc4
8.Bf1xc4 Nc6a5
9.Bc4e2 b6
10.b4 Na5c6
11.a3 Bc8b7
12.Rh1f1 Ne7f5
13.Bc1b2 Nf5e3
14.Qd1d3 Ne3xf1
15.Kxf1 Nc6e7
16.g4 Ne7g6
17.Qd3e3 Ng6h4
18.Nb1d2 Nh4xf3
19.Nd2xf3 Bf8e7
20.Kf2 Be7h4
21.Nf3xh4 Qd8xh4
22.Kg1 Qh4e7
23.h3 Qe7d7
24.Bb2c3 Qd7d5
25.Kf2 Ra8c8
26.Be2f3 Qd5xf3
27.Qe3xf3 Bb7xf3
28.Kxf3 c5
29.Ra1d1 cxb4
30.Bc3xb4 a5
31.Bb4e1 Ke7
32.Rd1d3 Rc8c7
33.Rd3b3 Rh8d8
34.Ke4 Rc7c6
35.Be1d2 Rc6c4
36.Bd2e3 Rc4c2
37.h4 Rd8b8
38.d5 exd5
39.Kxd5 b5
40.Be3c5 Ke8
41.Bc5d6 Rb8b7
42.Rb3g3 b4
43.axb4 axb4
44.Rg3b3 Rb7b5
45.Kd4 f6
46.Kd3 Rc2g2
47.exf6 Rb5d5
48.Ke4 Rd5xd6
49.fxg7 Rg2xg4
50.Rb3xb4 Rg4xg7
51.f5 Rg7g4
{ resign }
0-1

[Event "Tourn. n8835"]
[Site "www.chess-mail.com"]
[Date "2016.08.11"]
[Round "1"]
[White "Madz123456"]
[Black "Darko10"]
[WhiteElo "2240"]
[BlackElo "2580"]
[Result "0-1"]
[Round "1"]
1.e4 e5
2.Ng1f3 Nb8c6
3.Nb1c3 Ng8f6
4.Bf1b5 Nc6d4
5.Bb5a4 Nd4xf3
6.gxf3 Bf8c5
7.f4 Qd8e7
8.d3 O-O
9.Rh1g1 d5
10.Qd1f3 Bc5b4
11.Bc1d2 d4
12.Nc3b1 a5
13.fxe5 Bb4xd2
14.Nb1xd2 Qe7xe5
15.O-O-O Bc8e6
16.Ba4b3 Be6xb3
17.Nd2xb3 a4
18.Nb3d2 a3
19.b3 Nf6e8
20.Qf3g3 f6
21.Qg3xe5 fxe5
22.Rg1g5 Rf8xf2
23.Rg5xe5 c6
24.Re5e7 Ne8d6
25.Rd1g1 Rf2f7
26.Re7xf7 Kxf7
27.Nd2b1 Nd6b5
28.Kd2 g6
29.Rg1f1 Ke6
30.c4 Nb5c7
31.Ke2 Nc7a6
32.Nb1xa3 Na6c5
33.b4 Ra8xa3
34.bxc5 Ra3xa2
{ resign }
0-1

[Event "Tourn. n8876"]
[Site "www.chess-mail.com"]
[Date "2016.08.11"]
[Round "1"]
[White "Bichoraro92"]
[Black "Jhzes"]
[WhiteElo "1909"]
[BlackElo "1880"]
[Result "1-0"]
[Round "1"]
1.d4 d5
2.f4 Bc8f5
3.e3 e6
4.Ng1f3 h6
5.Bf1d3 Bf5xd3
6.Qd1xd3 Nb8c6
7.c3 Bf8e7
8.Nb1d2 Qd8d7
9.e4 f5
10.exf5 exf5
11.Nf3e5 Nc6xe5
12.fxe5 Be7h4
13.g3 Bh4g5
14.O-O g6
15.Nd2f3 Bg5xc1
16.Ra1xc1 O-O-O
17.Nf3h4 Ng8e7
18.Rc1e1 Qd7e6
19.Nh4g2 g5
20.Ng2e3 Rd8f8
21.b3 f4
22.Ne3g2 fxg3
23.Qd3xg3 Rf8xf1
24.Re1xf1 Rh8g8
25.Qg3f3 g4
26.Qf3f7 Qe6xf7
27.Rf1xf7 Kd7
28.Ng2h4 Ke6
29.Rf7f6 Kd7
30.Rf6xh6 b6
31.Rh6h7 Kd8
32.Kg2 c5
33.Rh7h6 cxd4
34.cxd4 Rg8g7
35.Rh6f6 Rg7h7
36.Nh4g6 Ne7xg6
37.Rf6xg6 Rh7f7
38.Rg6xg4 Ke7
39.h4 Ke6
40.Rg4g6 Kf5
41.Rg6f6 Rf7xf6
42.exf6 Kxf6
43.Kg3 Kg6
44.Kg4 a5
45.a4 Kh6
46.Kf5 Kh5
47.Ke5 Kxh4
48.Kxd5 Kg5
49.Kc6 Kf5
50.Kxb6 Ke4
51.Kxa5 Kxd4
52.Kb5 Kd5
53.a5 Kd6
54.Kb6 { resign }
1-0

[Event "Tourn. n8778"]
[Site "www.chess-mail.com"]
[Date "2016.08.11"]
[Round "1"]
[White "Oroden"]
[Black "Claudia"]
[WhiteElo "1809"]
[BlackElo "1810"]
[Result "1-0"]
[Round "1"]
1.e4 c5
2.Ng1f3 d6
3.d4 cxd4
4.Nf3xd4 Ng8f6
5.Nb1c3 e6
6.Bf1e2 a6
7.O-O Bf8e7
8.f4 Qd8c7
9.Kh1 O-O
10.a4 Nb8c6
11.Bc1e3 Bc8d7
12.Nd4b3 b6
13.Be2f3 Ra8b8
14.g4 Nc6a5
15.g5 Nf6e8
16.Nb3d2 Na5c4
17.Nd2xc4 Qc7xc4
18.Qd1d3 Qc4xd3
19.cxd3 Bd7c6
20.f5 exf5
21.exf5 Bc6xf3
22.Rf1xf3 Ne8c7
23.f6 Be7d8
24.Be3f4 Nc7e6
25.Bf4xd6 Bd8c7
26.Bd6xf8 Kxf8
27.fxg7 Kxg7
28.Ra1f1 Ne6xg5
29.Rf1g1 Kh6
30.Rf3f6 Kg7
31.Rf6c6 { resign }
1-0

[Event "Tourn. n8888"]
[Site "www.chess-mail.com"]
[Date "2016.08.11"]
[Round "1"]
[White "Jhzes"]
[Black "Fabos12"]
[WhiteElo "1940"]
[BlackElo "1940"]
[Result "0-1"]
[Round "1"]
1.e4 c5
2.Ng1f3 Nb8c6
3.c3 e5
4.d3 d6
5.h3 h6
6.Bf1e2 f5
7.exf5 Bc8xf5
8.a3 Qd8d7
9.g4 Bf5h7
10.Bc1d2 a5
11.b3 Ng8f6
12.Nf3h4 g5
13.Nh4g2 Bf8g7
14.a4 e4
15.dxe4 Nf6xe4
16.O-O h5
17.Bd2e3 O-O-O
18.gxh5 Bh7f5
19.Be2g4 Nc6e5
20.Bg4xf5 Qd7xf5
21.Ra1a2 Ne5f3
22.Qd1xf3 Qf5xf3
23.h4 Rh8xh5
24.Rf1e1 gxh4
25.Nb1d2 Qf3h3
26.Nd2xe4 Bg7e5
27.f4 Qh3f3
28.Be3c1 h3
29.fxe5 Rd8g8
30.Ne4xd6 Kb8
31.Re1e2 Rh5xe5
32.Re2f2 Re5e1
{ resign }
0-1

[Event "Tourn. n8856"]
[Site "www.chess-mail.com"]
[Date "2016.08.11"]
[Round "1"]
[White "Liencam2"]
[Black "Seger"]
[WhiteElo "2320"]
[BlackElo "2700"]
[Result "0-1"]
[Round "1"]
1.e4 e6
2.Qd1e2 c5
3.Ng1f3 Nb8c6
4.g3 g6
5.Bf1g2 Bf8g7
6.O-O Ng8e7
7.d3 O-O
8.Nb1d2 d5
9.Rf1e1 b6
10.e5 Bc8b7
11.h4 Ne7f5
12.c3 h6
13.Nd2f1 a5
14.Bc1f4 a4
15.Qe2d2 d4
16.Nf1h2 a3
17.Ra1b1 axb2
18.Rb1xb2 dxc3
19.Qd2xc3 Nc6b4
20.Re1d1 Ra8a4
21.a3 Nb4d5
22.Qc3b3 Qd8a8
23.Rd1a1 Nd5xf4
24.gxf4 Ra4xf4
25.Nf3e1 Bg7xe5
26.Qb3xb6 Bb7xg2
27.Ne1xg2 Rf8b8
28.Qb6xb8 Be5xb8
{ resign }
0-1

[Event "Tourn. n8879"]
[Site "www.chess-mail.com"]
[Date "2016.08.11"]
[Round "1"]
[White "Bojan"]
[Black "Libiesse"]
[WhiteElo "1930"]
[BlackElo "1950"]
[Result "0-1"]
[Round "1"]
1.b4 d5
2.Bc1b2 Bc8g4
3.h3 Bg4h5
4.a3 f6
5.Qd1c1 Nb8d7
6.e3 c5
7.c4 e6
8.d4 cxd4
9.cxd5 Ra8c8
10.Qc1d2 Nd7b6
11.dxe6 Nb6a4
12.Bb2xd4 Ng8e7
13.Bf1b5 Ne7c6
14.Bb5xa4 a6
15.g4 Bh5g6
16.Nb1c3 b5
17.Ba4b3 Qd8c7
18.f4 Nc6xd4
19.Nc3d5 Nd4c2
20.Kd1 Qc7b7
21.Ra1c1 Bg6e4
22.Rh1h2 Rc8d8
23.Ke2 Nc2xa3
24.Nd5c7 Ke7
25.Qd2c3 Na3c4
26.Bb3xc4 bxc4
27.Qc3xc4 Be4d3
{ resign }
0-1

[Event "Match"]
[Site "www.echecsemail.com"]
[Date "2016.08.11"]
[Round "1"]
[White "Ericleo1980"]
[Black "Ztornad"]
[WhiteElo "2220"]
[BlackElo "1780"]
[Result "1-0"]
[Round "1"]
1.e4 e5
2.Ng1f3 f6
3.Nf3xe5 fxe5
4.Qd1h5 g6
5.Qh5xe5 Qd8e7
6.Qe5xh8 Qe7g7
7.Qh8xg7 Bf8xg7
8.c3 b6
9.d4 Bg7h6
10.Nb1d2 Bc8a6
11.Bf1xa6 Nb8xa6
12.Nd2c4 Bh6f8
13.O-O O-O-O
14.Nc4e3 Ng8f6
15.f3 d5
16.e5 Nf6h5
17.f4 c5
18.a3 c4
19.g4 Nh5g7
20.Rf1f3 Ng7e6
21.h4 h5
22.g5 Na6c7
23.f5 gxf5
24.Ne3xf5 Nc7e8
25.Nf5g3 Ne8g7
26.Bc1e3 a5
27.Ra1f1 Bf8e7
28.Rf3f7 Rd8d7
29.Kg2 a4
30.Kh3 Kc7
31.g6 Be7d8
32.Be3h6 Ng7e8
33.Ng3xh5 Kc6
34.g7 Ne8xg7
35.Nh5xg7 Ne6xg7
36.Bh6xg7 Bd8e7
37.h5 b5
38.h6 Rd7b7
39.h7  { time }
1-0

[Event "Match"]
[Site "www.echecsemail.com"]
[Date "2016.08.11"]
[Round "1"]
[White "Drawlward"]
[Black "Wwgia"]
[WhiteElo "1809"]
[BlackElo "2050"]
[Result "1/2-1/2"]
[Round "1"]
1.e4 c5
2.Ng1f3 Nb8c6
3.d4 cxd4
4.Nf3xd4 g6
5.c4 Ng8f6
6.Nb1c3 Nc6xd4
7.Qd1xd4 d6
8.Bc1g5 Bf8g7
9.Qd4d2 O-O
10.Bf1e2 Qd8a5
11.f3 Bc8e6
12.Ra1c1 Rf8c8
13.b3 a6
14.Nc3a4 Qa5xd2
15.Kxd2 Rc8c6
16.Na4c3 Kf8
17.Nc3d5 Be6xd5
18.cxd5 Rc6c8
19.Rc1c4 Rc8xc4
20.bxc4 Nf6d7
21.Rh1b1 Ra8b8
22.Bg5e3 Nd7c5
23.g3 Ke8
24.Be3xc5 dxc5
25.f4 Bg7d4
26.a4 { draw }
1/2-1/2

[Event "Match"]
[Site "www.echecsemail.com"]
[Date "2016.08.11"]
[Round "1"]
[White "Whitekknight"]
[Black "Sundar"]
[WhiteElo "1970"]
[BlackElo "1929"]
[Result "0-1"]
[Round "1"]
1.e4 e5
2.Ng1f3 Nb8c6
3.Bf1c4 Ng8f6
4.Nb1c3 Bf8c5
5.O-O d6
6.h3 O-O
7.Kh2 h6
8.Bc4b5 Nc6d4
9.Nf3xd4 exd4
10.Nc3e2 Nf6xe4
11.f3 Ne4g5
12.d3 c6
13.Bb5a4 d5
14.f4 Qd8c7
15.Ne2g1 Bc5d6
16.g3 Ng5e6
17.c3 g5
18.Ng1e2 Bc8d7
19.Qd1e1 b5
20.Ba4c2 c5
21.Qe1d2 f5
22.cxd4 cxd4
23.Qd2e1 Qc7xc2
24.Kg1 Qc2xd3
25.a3 Ra8e8
26.Qe1f2 gxf4
27.gxf4 Kh7
28.b4 Qd3xh3
29.Qf2f3 Rf8g8
30.Kf2 Qh3h4
31.Ne2g3 Ne6xf4
32.Bc1xf4 Bd6xf4
33.Rf1g1 Bf4e3
34.Ke2 Be3xg1
{ resign }
0-1

[Event "1/16 Finale"]
[Site "www.chess-mail.com"]
[Date "2016.08.11"]
[Round "1"]
[White "Jose"]
[Black "Passaroa25"]
[WhiteElo "2760"]
[BlackElo "1570"]
[Result "1-0"]
[Round "1"]
1.d4 c6
2.e4 d6
3.Ng1f3 Bc8e6
4.Bf1d3 f6
5.Nb1c3 Be6f7
6.d5 e5
7.dxe6 Bf7xe6
8.Qd1e2 Be6f7
9.Bd3c4 Qd8e7
10.Bc4xf7 Qe7xf7
11.O-O Nb8d7
12.Rf1d1 O-O-O
13.Bc1e3 Kb8
14.b4 Ng8e7
15.b5 Nd7c5
16.Be3xc5 Ne7c8
17.bxc6 bxc6
18.Ra1b1 Ka8
19.Qe2a6 Qf7c7
20.Rb1b3 Bf8e7
21.Rd1b1 dxc5
22.Rb3b8 Qc7xb8
23.Qa6xc6 { resign }
1-0

[Event "Fast Game"]
[Site "www.echecsemail.com"]
[Date "2016.08.11"]
[Round "1"]
[White "Hennie4820"]
[Black "Jhzes"]
[WhiteElo "1650"]
[BlackElo "1670"]
[Result "1-0"]
[Round "1"]
1.e4 e5
2.Ng1f3 f5
3.Nf3xe5 Qd8e7
4.Qd1h5 g6
5.Ne5xg6 Qe7f7
6.exf5 d5
7.Bf1e2 Ng8f6
8.Ng6xh8 Nf6xh5
9.Nh8xf7 Nh5f4
10.Nf7g5 { resign }
1-0

[Event "Tourn. n8870"]
[Site "www.chess-mail.com"]
[Date "2016.08.12"]
[Round "1"]
[White "Awfen"]
[Black "Mitja"]
[WhiteElo "1970"]
[BlackElo "1950"]
[Result "1-0"]
[Round "1"]
1.e4 d5
2.e5 e6
3.d4 a6
4.Ng1f3 h6
5.Bf1d3 Ng8e7
6.O-O Ne7g6
7.Bd3xg6 fxg6
8.Qd1d3 g5
9.Nb1c3 Qd8e7
10.h3 Nb8c6
11.a3 b6
12.Nf3h2 Qe7f7
13.Nh2g4 Bc8b7
14.Nc3e2 a5
15.f4 gxf4
16.Rf1xf4 Qf7e7
17.Qd3g6 Kd8
18.Ne2c3 Bb7a6
19.Bc1e3 Kc8
20.Ra1e1 Kb7
21.Rf4f7 Qe7d8
22.Qg6xe6 h5
23.Ng4f2 Nc6e7
24.Be3g5 Rh8h6
25.Bg5xh6 gxh6
26.Qe6f6 Ra8c8
27.Nf2h1 Qd8e8
28.e6 Kb8
29.Nh1g3 Ba6b7
30.Ng3xh5 Bb7c6
31.Re1f1 { resign }
1-0

[Event "Tourn. n8866"]
[Site "www.chess-mail.com"]
[Date "2016.08.12"]
[Round "1"]
[White "Fred"]
[Black "Osopanda"]
[WhiteElo "1990"]
[BlackElo "1970"]
[Result "0-1"]
[Round "1"]
1.e4 c5
2.f4 d6
3.Nb1c3 Nb8c6
4.Ng1f3 e6
5.Bf1b5 Bc8d7
6.d3 Ng8e7
7.O-O g6
8.Bc1e3 Bf8g7
9.Qd1d2 O-O
10.e5 Nc6d4
11.Be3xd4 cxd4
12.Nf3xd4 dxe5
13.Bb5xd7 exd4
14.Nc3e4 Qd8xd7
15.c3 dxc3
16.bxc3 Rf8d8
17.d4 Ne7f5
18.Ra1b1 b6
19.a3 Ra8c8
20.Rb1c1 Qd7d5
21.Ne4g5 h6
22.Ng5f3 Nf5d6
23.Nf3e5 Nd6c4
24.Ne5xc4 Rc8xc4
25.Qd2e3 Rc4xc3
26.Qe3e2 Bg7xd4
27.Kh1 Rd8c8
28.Rc1xc3 Rc8xc3
29.f5 exf5
30.Qe2a6 b5
31.Qa6a5 Rc3c2
32.Qa5xb5 Qd5xg2
{ resign }
0-1

[Event "Tourn. n8885"]
[Site "www.chess-mail.com"]
[Date "2016.08.12"]
[Round "1"]
[White "Picifarkinca"]
[Black "Bojan"]
[WhiteElo "1970"]
[BlackElo "1960"]
[Result "1-0"]
[Round "1"]
1.e4 e5
2.f4 Nb8c6
3.Ng1f3 exf4
4.Bf1c4 Nc6a5
5.Bc4e2 h6
6.d4 g5
7.Bc1d2 Na5c6
8.d5 Nc6b8
9.h4 f6
10.hxg5 fxg5
11.Bd2c3 Rh8h7
12.Nf3e5 Bf8g7
13.Be2h5 Ke7
14.Ne5g6 Kd6
15.Bc3b4 c5
16.dxc6 Kxc6
17.Qd1d5 Kc7
18.Bb4d6 Kb6
19.Qd5c5 Ka6
20.Nb1a3 Qd8a5
21.Qc5xa5 Kxa5
22.O-O-O b5
23.e5 Bc8b7
24.Bh5f3 Bb7xf3
25.gxf3 Nb8c6
26.Bd6c7 Ka4
27.Rd1xd7 Nc6b4
28.Kb1 Nb4a6
29.Rd7d4 b4
30.Bc7d6 Ra8d8
31.Na3c4 Kb5
32.b3 Ng8f6
33.Rh1d1 Na6b8
34.Bd6xb8 Rd8xb8
35.exf6 Bg7xf6
36.Rd4d5 Kc6
37.Rd5d6 { resign }
1-0

[Event "Tourn. n8876"]
[Site "www.chess-mail.com"]
[Date "2016.08.12"]
[Round "1"]
[White "Picifarkinca"]
[Black "Francesco"]
[WhiteElo "2000"]
[BlackElo "1970"]
[Result "0-1"]
[Round "1"]
1.e4 c6
2.c4 d5
3.exd5 cxd5
4.d4 dxc4
5.Bf1xc4 Nb8c6
6.Bc1e3 Bc8f5
7.Nb1c3 e6
8.a3 Ng8f6
9.f3 Bf8e7
10.Ng1e2 O-O
11.O-O Ra8c8
12.Bc4a2 a6
13.Ra1c1 b5
14.b4 h6
15.Ne2g3 Bf5g6
16.Ng3e4 Nf6xe4
17.fxe4 Be7g5
18.Be3xg5 Qd8xg5
19.d5 exd5
20.Ba2xd5 Rf8d8
21.Qd1f3 Nc6d4
22.Qf3f2 Qg5e5
23.Bd5xf7 Bg6xf7
24.Qf2xf7 Kh7
25.Kh1 Rc8c7
26.Qf7f2 Rd8c8
27.Qf2e3 Nd4b3
{ resign }
0-1

[Event "Tourn. n8919"]
[Site "www.chess-mail.com"]
[Date "2016.08.12"]
[Round "1"]
[White "Janerol"]
[Black "Fenwick45"]
[WhiteElo "1429"]
[BlackElo "1239"]
[Result "0-1"]
[Round "1"]
1.e4 e5
2.h3 b6
3.g3 Bc8b7
4.f3 Nb8c6
5.Bf1b5 Bf8c5
6.Bb5xc6 Bb7xc6
7.Nb1c3 d5
8.a3 dxe4
9.fxe4 Qd8d4
10.Ng1f3 Qd4f2

0-1

[Event "Tourn. n8826"]
[Site "www.chess-mail.com"]
[Date "2016.08.12"]
[Round "1"]
[White "Amaya"]
[Black "Hundegana"]
[WhiteElo "2020"]
[BlackElo "2050"]
[Result "1-0"]
[Round "1"]
1.d4 f5
2.e3 g6
3.Bf1d3 Ng8f6
4.Nb1d2 Nb8c6
5.c3 Bf8g7
6.f4 d6
7.Ng1f3 h6
8.O-O a6
9.Nf3h4 Kf7
10.Qd1f3 e6
11.Qf3g3 Nc6e7
12.e4 c5
13.exf5 exf5
14.dxc5 dxc5
15.Nd2c4 Nf6h5
16.Qg3f2 Qd8xd3
17.Qf2xc5 Qd3d5
18.Qc5b4 Ra8b8
19.Nc4b6 Qd5b5
20.Qb4d6 Bc8e6
21.Rf1e1 Qb5c6
22.Re1xe6 Qc6xd6
23.Re6xd6 Rh8d8
24.Nb6d7 Rb8c8
25.Nh4f3 Rc8c7
26.Nf3e5 Bg7xe5
27.fxe5 Rc7xd7
28.e6 Ke8
29.exd7 Rd8xd7
30.Rd6xd7 Kxd7
31.Bc1xh6 Ne7c6
32.Ra1d1 Ke6
33.Bh6f8 Nh5f6
34.Bf8c5 Nf6e4
35.Bc5b6 g5
36.h3 g4
37.hxg4 fxg4
38.Rd1e1 Kf5
39.Re1f1 Ke6
40.Rf1f4 Ne4f6
41.Kf2 Ke5
42.g3 Nc6b8
43.Bb6c7 Ke6
44.Bc7xb8 b5
45.Ke2 Nf6d7
46.Bb8c7 Nd7f6
47.Kd3 Ke7
48.b3 Nf6d5
49.Rf4e4 Kf6
50.Bc7a5 Kf5
51.c4 bxc4
52.bxc4 Nd5f6
53.Re4f4 Ke5
54.Rf4xf6 Kxf6
55.Ke4 Ke6
56.c5 Kd7
57.Kf4 Kc6
58.Ba5b6 a5
59.a4 Kb7
60.Kxg4 Ka6
61.Kf5 Kb7
62.Ke6 Kc6
63.g4 Kb7
64.g5 Kc6
65.g6 Kb7
66.g7 Kc6
67.g8R Kb7
68.Rg8g7 Kc6
69.Rg7c7 
1-0

[Event "Match"]
[Site "www.echecsemail.com"]
[Date "2016.08.12"]
[Round "1"]
[White "Irene"]
[Black "Raulazo"]
[WhiteElo "2110"]
[BlackElo "1900"]
[Result "1-0"]
[Round "1"]
1.d4 d5
2.Nb1c3 Ng8f6
3.g3 g6
4.Bf1g2 Bf8g7
5.e3 O-O
6.b3 c6
7.Ng1f3 Bc8g4
8.O-O Qd8d7
9.Qd1d2 Nb8a6
10.Nf3e5 Qd7e6
11.Nc3e2 Bg4h3
12.Ne2f4 Qe6d6
13.Bg2xh3 Nf6e4
14.Qd2e1 Bg7xe5
15.dxe5 Qd6xe5
16.Bc1a3 c5
17.Ra1d1 e6
18.Rd1b1 Qe5d6
19.Bh3g2 Ne4f6
20.Qe1a5 e5
21.Nf4d3 Ra8c8
22.Rf1d1 e4
23.Nd3f4 Rf8e8
24.Ba3b2 Nf6h5
25.Nf4xh5 gxh5
26.Qa5c3 Kf8
27.Qc3g7 Ke7
28.Bg2xe4 Na6c7
29.Be4f3 Nc7e6
30.Bb2f6 Kd7
31.Qg7xf7 Kc6
32.Bf3xd5 Kb6
33.Qf7xb7 { resign }
1-0

[Event "Match"]
[Site "www.echecsemail.com"]
[Date "2016.08.12"]
[Round "1"]
[White "Sundar"]
[Black "Calponas"]
[WhiteElo "1929"]
[BlackElo "2000"]
[Result "1-0"]
[Round "1"]
1.d4 f5
2.e4 fxe4
3.Nb1c3 Ng8f6
4.Bc1g5 e3
5.fxe3 e6
6.Ng1f3 Bf8e7
7.Bf1d3 O-O
8.O-O Qd8e8
9.Nc3b5 a6
10.Nb5xc7 Qe8g6
11.Bd3xg6 hxg6
12.Nc7xa8 { resign }
1-0

[Event "Match"]
[Site "www.echecsemail.com"]
[Date "2016.08.12"]
[Round "1"]
[White "Coraza"]
[Black "Pariolinius"]
[WhiteElo "1720"]
[BlackElo "1600"]
[Result "1/2-1/2"]
[Round "1"]
1.e4 e5
2.Bf1c4 Ng8f6
3.Nb1c3 Bf8d6
4.d4 O-O
5.d5 b6
6.Bc1g5 Bd6e7
7.Ng1f3 d6
8.h3 Bc8b7
9.Qd1d2 Nb8d7
10.O-O-O Nd7c5
11.b4 Nc5xe4
12.Nc3xe4 Nf6xe4
13.Bg5xe7 Ne4xd2
14.Be7xd8 Nd2xc4
15.Bd8e7 Rf8e8
16.Be7h4 f6
17.Rh1e1 Kf7
18.Re1e4 Nc4a3
19.Kb2 Na3b5
20.a4 g5
21.axb5 gxh4
22.Nf3xh4 Re8g8
23.g4 a6
24.Nh4f5 axb5
25.Nf5h6 Kg7
26.Nh6xg8 Kxg8
27.h4 Kf7
28.f4 Ra8g8
29.fxe5 fxe5
30.Rd1f1 Ke7
31.c4 bxc4
32.Re4xc4 Rg8c8
33.Rf1d1 Kd7
34.b5 Rc8f8
35.Rd1c1 Rf8c8
36.Rc1d1 Ke7
37.g5 Kf7
38.h5 Kg7
39.h6 Kg6
40.Rc4g4 Rc8f8
41.Rg4g2 Rf8f4
42.Ka3 Rf4c4
43.Kb3 Rc4c5
44.Kb4 Bb7xd5
45.Rg2g3 Bd5c4
46.Rd1a1 Bc4xb5
47.Ra1a8 Bb5c4
48.Rg3c3 Kxg5
49.Rc3xc4 Kxh6
50.Rc4xc5 bxc5
51.Kc4 Kg7
52.Kd5 h5
53.Ra8a1 Kf6
54.Ra1f1 Ke7
55.Rf1f5 h4
56.Rf5h5 Kd7
57.Rh5xh4 c6
58.Kc4 Ke6
59.Rh4h6 Kd7
60.Rh6h7 Ke6
61.Rh7h6 Kd7
62.Rh6h7 Ke6
63.Rh7h6 Kd7
64.Rh6h7 Ke6
65.Rh7h6 { draw }
1/2-1/2